Discovering computers 2008 : Introductory

में बचाया:
ग्रंथसूची विवरण
स्वरूप: पुस्तक
भाषा:Undetermined
प्रकाशित: Boston, Mass. Thomson Course Technology 20082008
विषय:
टैग : टैग जोड़ें
कोई टैग नहीं, इस रिकॉर्ड को टैग करने वाले पहले व्यक्ति बनें!
Thư viện lưu trữ: Trung tâm Học liệu Trường Đại học Cần Thơ
LEADER 00565nam a2200193Ia 4500
001 CTU_128428
008 210402s9999 xx 000 0 und d
020 |c 1166000 
082 |a 004 
082 |b S545 
245 0 |a Discovering computers 2008 : 
245 0 |b Introductory 
245 0 |c Gary B.Shelly, Thomas J. Cashman and Misty E. Vermaat 
260 |a Boston, Mass. 
260 |b Thomson Course Technology 
260 |c 20082008 
650 |a Computer science.,Computer networks. 
904 |i Minh 
980 |a Trung tâm Học liệu Trường Đại học Cần Thơ